[Event "GER-chT U20"]
[Site "Kiel"]
[Date "2022.07.24"]
[Round "4.7"]
[White "Limpert, Tillmann"]
[Black "Guenther, Emil"]
[Result "1/2-1/2"]
[WhiteElo "1652"]
[BlackElo "1799"]
[PlyCount "120"]
[EventDate "2022.07.22"]
[EventType "team-swiss"]
[EventRounds "7"]
[EventCountry "GER"]
[SourceTitle "CBM 209 Extra"]
[Source "ChessBase"]
[SourceDate "2022.09.30"]
[SourceVersion "1"]
[SourceVersionDate "2022.09.30"]
[SourceQuality "1"]
[WhiteTeam "Biebertal"]
[BlackTeam "Kiel Doppelbauer"]
[WhiteTeamCountry "GER"]
[BlackTeamCountry "GER"]

1. e4 e5 2. Nf3 Nf6 3. Nc3 Bb4 4. Bc4 Nc6 5. 0-0 0-0 6. d3 h6 7. Ne2 d6 8. c3 Ba5 9. Bb3 Nh5 10. h3 Kh8 11. d4 exd4 12. Nexd4 Nxd4 13. cxd4 Nf6 14. e5 dxe5 15. dxe5 Qxd1 16. Rxd1 Ne4 17. Bc2 Nc5 18. Bf4 Bb6 19. b4 Ne6 20. Bg3 a5 21. b5 a4 22. Rac1 Ra5 23. Nd2 Nc5 24. Nc4 Rxb5 25. Nxb6 Rxb6 26. Rd5 Rc6 27. Bd1 b6 28. Bxa4 Nxa4 29. Rxc6 Bb7 30. Rc4 Nb2 31. Rb4 Bxd5 32. Rxb2 Be6 33. Rc2 c5 34. Rb2 Rb8 35. f4 g6 36. Bf2 Rd8 37. Rxb6 Rd1+ 38. Kh2 Rd2 39. Kg3 c4 40. Rb1 Rxa2 41. Rc1 Kg7 42. Rc3 f6 43. Bd4 Bd5 44. exf6+ Kf7 45. h4 Rxg2+ 46. Kh3 Rd2 47. Be5 Be6+ 48. Kg3 Bd5 49. Ra3 Rd3+ 50. Rxd3 cxd3 51. Kf2 Ke6 52. Ke3 Bc4 53. Bc3 Kf5 54. Kd4 Bf7 55. Kxd3 Kg4 56. Be1 Kxf4 57. Bd2+ Kg4 58. Bxh6 Kxh4 59. Bd2 g5 60. Bxg5+ Kxg5 1/2-1/2

[Event "GER-chT U20"]
[Site "Willingen"]
[Date "2021.06.26"]
[Round "6"]
[White "Toval, David"]
[Black "Limpert, Tillmann"]
[Result "1/2-1/2"]
[WhiteElo "1857"]
[BlackElo "1671"]
[PlyCount "62"]
[EventDate "2021.06.24"]
[EventType "team-swiss"]
[EventRounds "7"]
[EventCountry "GER"]
[SourceTitle "CBM 203 Extra"]
[Source "ChessBase"]
[SourceDate "2021.09.30"]
[SourceVersion "1"]
[SourceVersionDate "2021.09.30"]
[SourceQuality "1"]
[WhiteTeam "Muenster"]
[BlackTeam "Biebertal"]
[WhiteTeamCountry "GER"]
[BlackTeamCountry "GER"]

1. e4 e5 2. Nf3 Nc6 3. Bb5 a6 4. Ba4 b5 5. Bb3 Nf6 6. 0-0 Be7 7. Re1 0-0 8. h3 h6 9. c3 d6 10. d4 Bb7 11. Nbd2 Re8 12. Nf1 Bf8 13. Ng3 exd4 14. cxd4 Ne7 15. Bd2 Ng6 16. Qc2 c5 17. a4 c4 18. Ba2 d5 19. exd5 Qxd5 20. b3 Qd7 21. Ne5 Nxe5 22. dxe5 Qd5 23. f3 Rxe5 24. bxc4 Rxe1+ 25. Rxe1 Bc5+ 26. Kh1 Qd4 27. Be3 Qe5 28. Bf2 Qg5 29. cxb5 Bxf2 30. Qxf2 axb5 31. axb5 Qxb5 1/2-1/2

[Event "GER-chT U14"]
[Site "Duesseldorf"]
[Date "2016.12.29"]
[Round "6.4"]
[White "Sewald, Richard"]
[Black "Limpert, Tillmann"]
[Result "1-0"]
[WhiteElo "1710"]
[BlackElo "1288"]
[PlyCount "93"]
[EventDate "2016.12.27"]
[EventType "team-swiss"]
[EventRounds "7"]
[EventCountry "GER"]
[SourceTitle "EXT 2018"]
[Source "ChessBase"]
[SourceDate "2017.10.13"]
[SourceVersion "1"]
[SourceVersionDate "2017.10.13"]
[SourceQuality "1"]
[WhiteTeam "Porz SG U14"]
[BlackTeam "Biebertal U14"]
[WhiteTeamCountry "GER"]
[BlackTeamCountry "GER"]

1. Nf3 d5 2. g3 Nf6 3. Bg2 Bf5 4. 0-0 Nc6 5. d3 Bg4 6. Nbd2 e5 7. c3 Bd6 8. e4 dxe4 9. Nxe4 Nxe4 10. dxe4 0-0 11. Be3 Qd7 12. Qc2 h6 13. Rad1 Qe6 14. b3 f5 15. Rd2 f4 16. gxf4 exf4 17. Bd4 Bxf3 18. Bxf3 g5 19. e5 Bxe5 20. Bxe5 Qxe5 21. Qg6+ Qg7 22. Qxg7+ Kxg7 23. Bxc6 bxc6 24. Rd7+ Rf7 25. Rfd1 Raf8 26. R7d4 Kg6 27. Ra4 Ra8 28. Ra6 Kh5 29. Rxc6 Re7 30. Kg2 a6 31. Kf3 Ra7 32. h3 Rf7 33. Rd5 Rh7 34. Ra5 Rd7 35. c4 Rd6 36. Rxd6 cxd6 37. Rd5 Rd7 38. c5 Rc7 39. cxd6 Rd7 40. b4 Kg6 41. a4 Kf6 42. b5 axb5 43. axb5 Ke6 44. Ke4 Kf6 45. b6 Ke6 46. f3 g4 47. hxg4 1-0

[Event "GER-chT U14"]
[Site "Duesseldorf"]
[Date "2016.12.27"]
[Round "1.4"]
[White "Juerging, Felix"]
[Black "Limpert, Tillmann"]
[Result "0-1"]
[WhiteElo "1115"]
[BlackElo "1288"]
[PlyCount "98"]
[EventDate "2016.12.27"]
[EventType "team-swiss"]
[EventRounds "7"]
[EventCountry "GER"]
[SourceTitle "EXT 2018"]
[Source "ChessBase"]
[SourceDate "2017.10.13"]
[SourceVersion "1"]
[SourceVersionDate "2017.10.13"]
[SourceQuality "1"]
[WhiteTeam "Guetersloh U14"]
[BlackTeam "Biebertal U14"]
[WhiteTeamCountry "GER"]
[BlackTeamCountry "GER"]

1. e4 e5 2. Nf3 Nc6 3. Bc4 Bc5 4. Nc3 Nf6 5. d3 d6 6. h3 Be6 7. Bxe6 fxe6 8. Be3 Bb6 9. d4 exd4 10. Nxd4 Nxd4 11. Bxd4 e5 12. Bxb6 axb6 13. 0-0 0-0 14. Qf3 Qe7 15. Rad1 Rf7 16. Rd2 Raf8 17. a3 c6 18. b4 Qe6 19. Kh1 Qc4 20. Qd3 Qxd3 21. Rxd3 Rd8 22. f3 d5 23. Kg1 d4 24. Na4 b5 25. Nc5 b6 26. Ne6 Rd6 27. Ng5 Ra7 28. f4 Re7 29. fxe5 Rxe5 30. Rf5 Rxf5 31. exf5 c5 32. c3 h6 33. Ne6 dxc3 34. Rxc3 c4 35. Nf4 Ne4 36. Rc2 Kf7 37. Kf1 Ng3+ 38. Kf2 Nxf5 39. Rc3 g5 40. Ne2 Ke6 41. Kf3 Ke5 42. g4 Nd4+ 43. Nxd4 Kxd4 44. Rc1 Re6 45. Rd1+ Kc3 46. Rc1+ Kb2 47. Rf1 Rf6+ 48. Ke2 Rxf1 49. Kxf1 c3 0-1

[Event "GER-chT U14"]
[Site "Duesseldorf"]
[Date "2016.12.27"]
[Round "2.4"]
[White "Limpert, Tillmann"]
[Black "Schlosser, Justin"]
[Result "0-1"]
[WhiteElo "1288"]
[BlackElo "1638"]
[PlyCount "110"]
[EventDate "2016.12.27"]
[EventType "team-swiss"]
[EventRounds "7"]
[EventCountry "GER"]
[SourceTitle "EXT 2018"]
[Source "ChessBase"]
[SourceDate "2017.10.13"]
[SourceVersion "1"]
[SourceVersionDate "2017.10.13"]
[SourceQuality "1"]
[WhiteTeam "Biebertal U14"]
[BlackTeam "Halle Reideburger U14"]
[WhiteTeamCountry "GER"]
[BlackTeamCountry "GER"]

1. e4 e5 2. Nf3 Nc6 3. Bc4 Bc5 4. c3 Nf6 5. d3 0-0 6. Nbd2 d6 7. Nf1 Be6 8. Bb5 Ne7 9. Ng3 c6 10. Ba4 Bb6 11. Bc2 Ng6 12. 0-0 Re8 13. Re1 Qd7 14. d4 exd4 15. cxd4 Bg4 16. Nf5 Nxe4 17. Bxe4 Bxf5 18. Bxf5 Qxf5 19. Be3 Re7 20. Qb3 d5 21. a4 Ba5 22. Rec1 Rae8 23. Qa3 Nf4 24. b4 Ne2+ 25. Kf1 Nxc1 26. Rxc1 Bc7 27. a5 Bf4 28. Bxf4 Qxf4 29. a6 bxa6 30. Ra1 Qe4 31. Qxa6 g5 32. h3 h5 33. Qxc6 g4 34. Qh6 gxf3 35. Qg5+ Qg6 36. Qxg6+ fxg6 37. gxf3 Rb8 38. Ra4 Rb5 39. Kg2 Reb7 40. Ra6 Kf7 41. Rd6 R7b6 42. Rd7+ Kf6 43. Kg3 Rxb4 44. Rxd5 Ke7 45. Ra5 a6 46. Rg5 Rxd4 47. f4 Kf6 48. Ra5 Rc6 49. f3 h4+ 50. Kg4 Ke6 51. Rg5 Kf7 52. Ra5 Rcc4 53. Rxa6 Rxf4+ 54. Kg5 Rf5+ 55. Kh6 Rh5# 0-1

[Event "Hessen-ch U17 op"]
[Site "Bad Homburg"]
[Date "2015.04.02"]
[Round "5"]
[White "Bender, Soeren"]
[Black "Limpert, Tillmann"]
[Result "0-1"]
[WhiteElo "930"]
[BlackElo "1102"]
[PlyCount "58"]
[EventDate "2015.03.30"]
[EventType "swiss"]
[EventRounds "7"]
[EventCountry "GER"]
[SourceTitle "EXT 2017"]
[Source "ChessBase"]
[SourceDate "2016.10.25"]
[SourceVersion "1"]
[SourceVersionDate "2016.10.25"]
[SourceQuality "1"]

1. d4 d5 2. c4 e6 3. Nc3 Nf6 4. Bg5 Nbd7 5. cxd5 exd5 6. Nxd5 c6 7. Nc3 Qa5 8. a3 Ne4 9. Bd2 Nxd2 10. Qxd2 Nf6 11. Nf3 Bd6 12. e4 Nd7 13. h3 0-0 14. Bc4 Nb6 15. Qd3 Nxc4 16. Qxc4 Be6 17. d5 cxd5 18. exd5 Bxd5 19. Qxd5 Qxd5 20. Nxd5 Rfe8+ 21. Ne3 Rac8 22. 0-0 h6 23. Rfe1 g6 24. Ng4 Rxe1+ 25. Rxe1 Kg7 26. Rd1 Bb8 27. Rd7 Rc1+ 28. Rd1 Rxd1+ 29. Ne1 Rxe1# 0-1

[Event "Hessen-ch U17 op"]
[Site "Bad Homburg"]
[Date "2015.04.02"]
[Round "6"]
[White "Lehrer, Simon"]
[Black "Limpert, Tillmann"]
[Result "1/2-1/2"]
[WhiteElo "1178"]
[BlackElo "1102"]
[PlyCount "48"]
[EventDate "2015.03.30"]
[EventType "swiss"]
[EventRounds "7"]
[EventCountry "GER"]
[SourceTitle "EXT 2017"]
[Source "ChessBase"]
[SourceDate "2016.10.25"]
[SourceVersion "1"]
[SourceVersionDate "2016.10.25"]
[SourceQuality "1"]

1. e4 e5 2. Nf3 Nc6 3. Bc4 Bc5 4. Nc3 Nf6 5. d3 d6 6. Bg5 h6 7. Bxf6 Qxf6 8. Nd5 Qd8 9. 0-0 0-0 10. c3 Be6 11. b4 Bb6 12. Nd2 Ne7 13. Nxe7+ Qxe7 14. Bb3 Qg5 15. Nc4 Bh3 16. Qf3 Be6 17. Kh1 h5 18. Qg3 Qxg3 19. fxg3 Bg4 20. Bd1 Bxd1 21. Raxd1 g6 22. d4 f6 23. h4 Rae8 24. d5 Kg7 1/2-1/2

[Event "GER-chT U12"]
[Site "Verden"]
[Date "2014.12.27"]
[Round "2.4"]
[White "Limpert, Tillmann"]
[Black "Ungerer, Tobias"]
[Result "0-1"]
[WhiteElo "1070"]
[BlackElo "1148"]
[PlyCount "88"]
[EventDate "2014.12.27"]
[EventType "team-swiss"]
[EventRounds "7"]
[EventCountry "GER"]
[SourceTitle "EXT 2016"]
[Source "ChessBase"]
[SourceDate "2015.10.08"]
[SourceVersion "1"]
[SourceVersionDate "2015.10.08"]
[SourceQuality "1"]
[WhiteTeam "Biebertal"]
[BlackTeam "Bernhausen"]
[WhiteTeamCountry "GER"]
[BlackTeamCountry "GER"]

1. e4 c5 2. Nf3 d6 3. Nc3 Nc6 4. Bc4 e6 5. d3 Nf6 6. Bb3 g6 7. Be3 Bg7 8. Qd2 Bd7 9. 0-0-0 Rc8 10. Nb5 0-0 11. Bh6 Bxh6 12. Qxh6 Ng4 13. Qd2 a6 14. Nxd6 Ra8 15. Nxb7 Qf6 16. Nxc5 Be8 17. h3 a5 18. hxg4 Rb8 19. Qh6 Qh8 20. c3 f6 21. Ba4 Nd8 22. Bxe8 Rxe8 23. e5 Nf7 24. Qh3 fxe5 25. g5 Rb5 26. Nxe6 Reb8 27. Rd2 a4 28. a3 e4 29. Nfd4 R5b6 30. dxe4 Ne5 31. b4 axb3 32. Nxb3 Rxb3 33. Rd8+ Rxd8 34. Nxd8 Nd3+ 35. Qxd3 Rxc3+ 36. Kd2 Rxd3+ 37. Kxd3 Qb2 38. Re1 Qxa3+ 39. Kd2 Qa5+ 40. Kd1 Qxd8+ 41. Kc2 Qa5 42. Kd1 Qa1+ 43. Kd2 Qb2+ 44. Kd1 Qxf2 0-1

[Event "Hessen-ch U12"]
[Site "Bad Homburg"]
[Date "2014.??.??"]
[Round "4"]
[White "Limpert, Tillmann"]
[Black "Abraham, Moritz"]
[Result "1-0"]
[WhiteElo "959"]
[BlackElo "731"]
[PlyCount "63"]
[EventDate "2014.04.??"]
[EventType "swiss"]
[EventRounds "9"]
[EventCountry "GER"]
[SourceTitle "EXT 2022"]
[Source "ChessBase"]
[SourceDate "2021.10.06"]
[SourceVersion "1"]
[SourceVersionDate "2021.10.06"]
[SourceQuality "1"]

1. e4 e5 2. Nf3 Nc6 3. Bc4 Bc5 4. Nc3 Nf6 5. d3 d6 6. Be3 Be6 7. Bb3 0-0 8. Bxc5 dxc5 9. 0-0 Bxb3 10. axb3 Qd6 11. Nb5 a6 12. Nxd6 cxd6 13. Ng5 h6 14. Nf3 d5 15. exd5 Nxd5 16. Nh4 Ndb4 17. Qg4 f5 18. Qc4+ Kh7 19. Qxc5 Nxc2 20. Qxc2 Nd4 21. Qd2 Nxb3 22. Qc2 Nxa1 23. Rxa1 Rac8 24. Qe2 Rc6 25. Qxe5 f4 26. Qe4+ Kh8 27. Ng6+ Kg8 28. Nxf8 Kxf8 29. h3 b5 30. Qxc6 b4 31. Re1 Kg8 32. Qg6 1-0

[Event "Hessen-ch U12"]
[Site "Bad Homburg"]
[Date "2014.??.??"]
[Round "2"]
[White "Limpert, Tillmann"]
[Black "Huettseifer, Alexander"]
[Result "1-0"]
[WhiteElo "959"]
[BlackElo "770"]
[PlyCount "53"]
[EventDate "2014.04.??"]
[EventType "swiss"]
[EventRounds "9"]
[EventCountry "GER"]
[SourceTitle "EXT 2022"]
[Source "ChessBase"]
[SourceDate "2021.10.06"]
[SourceVersion "1"]
[SourceVersionDate "2021.10.06"]
[SourceQuality "1"]

1. e4 e5 2. Nf3 Nc6 3. Bc4 Bc5 4. Nc3 Nf6 5. d3 d6 6. 0-0 Bg4 7. h3 Bh5 8. Be3 Bg6 9. Bxc5 dxc5 10. Bb5 Bh5 11. Qd2 Qd6 12. Nd5 Nxd5 13. exd5 Qf6 14. Nxe5 Qxe5 15. Rfe1 0-0 16. Rxe5 Nxe5 17. Qg5 f6 18. Qxh5 a6 19. d4 cxd4 20. Bd3 c6 21. dxc6 bxc6 22. Qxh7+ Kf7 23. Re1 Rh8 24. Qf5 Rh4 25. Rxe5 Re8 26. Qd7+ Kf8 27. Rxe8# 1-0